[Event "IX EICC w"]
[Site "Plovdiv BUL"]
[Date "2008.05.01"]
[Round "10"]
[White "Bojkovic,N"]
[Black "Voicu,C"]
[Result "1-0"]
[WhiteElo "2434"]
[BlackElo "2290"]

1.e4 d5 2.exd5 Qxd5 3.Nc3 Qd8 4.d4 Nf6 5.Nf3 Bg4 6.h3 Bxf3 7.Qxf3 c6 8.Qd3 e6
9.g3 Nbd7 10.Bg2 Be7 11.O-O O-O 12.b3 Qc7 13.Bb2 Rad8 14.Rad1 Nd5 15.Ne2 Bf6
16.c4 Ne7 17.Qc2 Nb6 18.Rd3 Rd7 19.Rfd1 Rfd8 20.Be4 Nbc8 21.Qc1 Nd6 22.Bg2 h6
23.Bc3 Ndf5 24.Qc2 Qb6 25.Qb2 Qc7 26.Qb1 Qb6 27.Qb2 Qc7 28.d5 Bxc3 29.Nxc3 exd5
30.cxd5 Qe5 31.Qd2 cxd5 32.h4 d4 33.Na4 b6 34.Re1 Qd6 35.Nb2 b5 36.Bh3 Rc7
37.Rf3 Qd5 38.Rf4 g6 39.h5 Rc3 40.hxg6 fxg6 41.Nd3 Qd6 42.Rfe4 Rd7 43.Re6 Qd5
44.Bg2 Rxd3 45.Qxd3 Qc5 46.R6e5 Qd6 47.Rxb5 Rc7 48.Rbe5 Rc3 49.Qb5 Kf8 50.Re6 Qc7
51.g4 Rc5 52.Qd3 Rc3 53.Qd1  1-0

[Event "Father Ivan Cvitanovic Mem"]
[Site "Split CRO"]
[Date "2008.05.04"]
[Round "7"]
[White "Ljubicic,F"]
[Black "Plenkovic,Z"]
[Result "1-0"]
[WhiteElo "2471"]
[BlackElo "2370"]

1.e4 d5 2.exd5 Qxd5 3.Nc3 Qd6 4.d4 g6 5.Bc4 Bg7 6.Nge2 Nf6 7.Bf4 Qb6 8.O-O O-O
9.Qd2 Bf5 10.Ng3 Nc6 11.Nxf5 gxf5 12.d5 Qd4 13.Qxd4 Nxd4 14.Bd3 Rfd8 15.Bxc7 Rd7
16.Be5 Nxd5 17.Bxd4 Bxd4 18.Bxf5 e6 19.Nxd5 Rxd5 20.Be4 Rb5 21.c3 Bg7 22.Rab1 Rd8
23.Rfc1 Rd2 24.Rc2 Rd6 25.Kf1 f5 26.Bf3 Kf8 27.c4 Rb4 28.b3 Ra6 29.Rd1 Ke7
30.Rcd2 Kf6 31.g3 Bf8 32.h4 Be7 33.Bg2 Ra3 34.Rc2 a5 35.c5 Rb5 36.c6 bxc6
37.Bxc6 Rc5 38.Rxc5 Bxc5 39.Rd2 h6 40.Ba4 f4 41.g4 Ke5 42.Ke2 Ke4 43.Bc6+ Ke5
44.Kf3 Be7 45.h5 Bd6 46.Bd7  1-0

[Event "Kaupthing Open"]
[Site "Differdange LUX"]
[Date "2008.05.11"]
[Round "2"]
[White "Berend,E"]
[Black "Maes,V"]
[Result "1/2-1/2"]
[WhiteElo "2303"]
[BlackElo "2161"]

1.e4 d5 2.exd5 Qxd5 3.Nc3 Qd8 4.Nf3 Nf6 5.d4 c6 6.Bg5 h6 7.Bh4 Bf5 8.Bd3 Bxd3
9.Qxd3 e6 10.O-O-O Be7 11.Bxf6 gxf6 12.Rhe1 Na6 13.g3 Qa5 14.Kb1 O-O-O 15.Nd2 Bb4
16.Nb3 Qh5 17.Rh1 Bxc3 18.Qxc3 Rd5 19.Qe3 Rhd8 20.Rde1 Qg6 21.f4 h5 22.Rhg1 Qf5
23.Qe4 Nc7 24.c4 Qxe4+ 25.Rxe4 R5d7 26.Rd1 f5 27.Re5 b6 28.Rc1 Kb7 29.a4 Na6
30.Re3 c5 31.dxc5 Nxc5 32.Nxc5+  1/2-1/2

[Event "ENCI Limburg Open"]
[Site "Maastricht NED"]
[Date "2008.05.12"]
[Round "7"]
[White "Van Oosterom,C"]
[Black "Berg,E"]
[Result "0-1"]
[WhiteElo "2399"]
[BlackElo "2601"]

1.e4 d5 2.exd5 Qxd5 3.Nc3 Qd6 4.d4 Nf6 5.Nf3 a6 6.g3 Bg4 7.Bg2 Nc6 8.Be3 O-O-O
9.h3 Bh5 10.Qe2 e6 11.O-O Nd5 12.Nxd5 exd5 13.c4 dxc4 14.Qxc4 Qb4 15.Rfc1 Qxc4
16.Rxc4 f6 17.d5 Bf7 18.dxc6 Bxc4 19.cxb7+ Kb8 20.Nd4 Bd5 21.Nc6+ Bxc6 22.Bxc6 Bb4
23.a3 Bd2 24.Bc5 Rd3 25.Kf1 Rb3 26.Rd1 Rxb2 27.Be4 Ba5 28.Rd7 g6 29.Bd4 Rd2
30.Bxf6 Rxd7 31.Bxh8 Rd1+ 32.Kg2 Rd2  0-1

[Event "26th Open"]
[Site "Elba ITA"]
[Date "2008.05.13"]
[Round "4"]
[White "Doleschal,J"]
[Black "Mazzetta,R"]
[Result "1/2-1/2"]
[WhiteElo "2037"]
[BlackElo "1908"]

1.e4 d5 2.exd5 Qxd5 3.Nc3 Qd6 4.Nf3 Nf6 5.Bc4 Bg4 6.h3 Bh5 7.O-O c6 8.Re1 e6
9.d3 Be7 10.Ne4 Nxe4 11.Rxe4 O-O 12.Bf4 Qd8 13.d4 Nd7 14.c3 Nf6 15.Re1 Nd5
16.Be5 Bd6 17.Bxd6 Qxd6 18.Bxd5 cxd5 19.Re5 Bxf3 20.Qxf3 f6 21.Re2 e5 22.Qg3 Qa6
23.Rae1 e4 24.a3 Rae8 25.Qf4 f5 26.Re3 Re6 27.Rg3 Qd6 28.Qxd6 Rxd6 29.f3 f4
30.Rg5 e3 31.Re2 h6 32.Rg4 g5 33.g3 Kh7 34.gxf4 gxf4 35.Reg2 Rf7 36.Kf1 Rdd7
37.Rh4 Rf5 38.Rhg4 Rff7 39.Rh4  1/2-1/2

[Event "Kaupthing Open"]
[Site "Differdange LUX"]
[Date "2008.05.14"]
[Round "6"]
[White "Delorme,Ax"]
[Black "Vatter,H"]
[Result "1-0"]
[WhiteElo "2377"]
[BlackElo "2325"]

1.e4 d5 2.exd5 Qxd5 3.Nc3 Qd6 4.d4 Nf6 5.Nf3 c6 6.Ne5 Nbd7 7.f4 Nb6 8.g4 Nfd5
9.Ne4 Qd8 10.Ng5 f6 11.Ngf7 Qc7 12.Nxh8 fxe5 13.fxe5 Be6 14.Bd3 g6 15.Nxg6 hxg6
16.Bxg6+ Kd7 17.Qe2 Bg7 18.c4 Nxc4 19.Qxc4 Bxg4 20.O-O Rh8 21.Bf7 b5 22.Qd3 Qb6
23.Bxd5 cxd5 24.Bf4 Rh3 25.Qd2 Bf5 26.Bg3 Be4 27.Qf2 Bh6 28.Rac1 Rxg3+ 29.hxg3 Bxc1
30.Rxc1 Qh6 31.e6+ Kd8 32.Qf4  1-0

[Event "26th Open"]
[Site "Elba ITA"]
[Date "2008.05.15"]
[Round "6"]
[White "Doleschal,J"]
[Black "Picone,F"]
[Result "*"]
[WhiteElo "2037"]
[BlackElo "1882"]

1.e4 d5 2.exd5 Qxd5 3.Nc3 Qd6 4.d4 c6 5.Nf3 Nf6 6.Be2 Bf5 7.O-O h6 8.Be3 Nbd7
9.Qd2 O-O-O 10.Rfd1 g5 11.Rab1 Ng4 12.Bd3 Bxd3 13.Qxd3 Nxe3 14.fxe3 g4 15.Nd2 g3
16.h3 Bg7 17.Rf1 Qg6 18.Qxg6 fxg6 19.Rf7 Bf6 20.Nce4 Rdf8 21.Rxf8+ Rxf8 22.Nxg3 e5
23.c3 exd4 24.exd4 Bg5 25.Nge4 Be3+ 26.Kh1 Bxd2 27.Nxd2 Rf2 28.Rd1 Nf6 29.Kg1 Rf5
30.Rf1 Rxf1+ 31.Kxf1 Nd5 32.Nc4 g5 33.Kf2 Nf4 34.Ne5 h5 35.Kf3 a5 36.h4 Ne6
37.hxg5 Kc7 38.g3 b5 39.Ke4 Kd6 40.Nxc6 Kxc6 41.d5+ Kd6 42.dxe6 Kxe6 43.Kd4 Kf5
44.Kc5 b4 45.cxb4 axb4 46.Kxb4  *

[Event "43rd Capablanca Memorial Open"]
[Site "Havana CUB"]
[Date "2008.05.15"]
[Round "8"]
[White "Guerra Mendez,J"]
[Black "Escobar Forero,A"]
[Result "1/2-1/2"]
[WhiteElo "2447"]
[BlackElo "2454"]

1.e4 d5 2.exd5 Qxd5 3.Nc3 Qd6 4.d4 Nf6 5.Nf3 a6 6.Bd3 Bg4 7.O-O Nc6 8.Ne4 Nxe4
9.Bxe4 e6 10.c3 Be7 11.Qa4 Bxf3 12.Bxf3 O-O 13.Be3 b5 14.Qc2 Rab8 15.Rfd1 Bf6
16.Be4 g6 17.d5 Ne7 18.dxe6 Qxe6 19.Re1 Be5 20.f4 Bd6 21.g3 Rfe8 22.Ba7 Rbd8
23.Bf2 Qg4 24.Qd1 h5 25.Qxg4 hxg4 26.b4 c6 27.a4 f5 28.Bg2 Kf7 29.axb5 axb5
30.Ra7 Kf8 31.Bb6 Nc8 32.Rxe8+ Rxe8 33.Rd7 Re7 34.Rxe7 Nxe7 35.Kf2 Kf7 36.Ke3 Ke6
37.Kd4 Kd7 38.Ba7 Ng8 39.Bc5 Nf6 40.Bb6 Bb8 41.Bc5 Nh7 42.c4 bxc4 43.Kxc4 g5
44.fxg5 Nxg5 45.Be3 Ne6 46.Bf1 f4 47.gxf4 Nxf4  1/2-1/2

[Event "I Open"]
[Site "Augustow POL"]
[Date "2008.05.16"]
[Round "8"]
[White "Poswiatowski,M"]
[Black "Kiolbasa,D"]
[Result "1-0"]
[WhiteElo "1778"]
[BlackElo "1470"]

1.e4 d5 2.exd5 Qxd5 3.Nc3 Qd6 4.d4 Nf6 5.Nge2 Bg4 6.f3 Bf5 7.Bf4 Qd8 8.Qd2 e6
9.O-O-O Bd6 10.g4 Bg6 11.h4 h5 12.Bxd6 cxd6 13.Nf4 Bh7 14.g5 Nfd7 15.Nxh5 Rg8
16.Qf4 Ke7 17.Bh3 Na6 18.Rhe1 Rc8 19.Bxe6 Ne5 20.dxe5 fxe6 21.exd6+ Kd7 22.Qf7+ Kc6
23.Qxe6 Re8 24.Qd5+  1-0

[Event "ch-Catalunya"]
[Site "Barcelona ESP"]
[Date "2008.05.18"]
[Round "1.2"]
[White "Vehi Bach,V"]
[Black "Magem Badals,J"]
[Result "1/2-1/2"]
[WhiteElo "2381"]
[BlackElo "2470"]

1.e4 d5 2.exd5 Qxd5 3.Nc3 Qd6 4.d4 Nf6 5.Nf3 a6 6.Bd3 g6 7.O-O Bg7 8.Re1 O-O
9.h3 Nbd7 10.Qe2 e6 11.a4 c5 12.dxc5 Nxc5 13.Bc4 b6 14.Ne5 Nfd7 15.Nxd7 Bxd7
16.Bg5 Rfc8 17.Ra3 Bc6 18.Be3  1/2-1/2

[Event "Mayors Cup Open"]
[Site "Mumbai IND"]
[Date "2008.05.18"]
[Round "10"]
[White "Adhiban,B"]
[Black "Saurabh,K"]
[Result "1/2-1/2"]
[WhiteElo "2421"]
[BlackElo "2259"]

1.e4 d5 2.exd5 Qxd5 3.Nc3 Qd6 4.d4 Nf6 5.Nf3 a6 6.g3 Bg4 7.Bg2 c6 8.O-O e6
9.h3 Bxf3 10.Qxf3 Be7 11.Bf4 Qd8 12.Rad1 O-O 13.Rfe1 Nbd7 14.Bc1 Qa5 15.a3 Rfd8
16.g4 Nd5 17.Ne4 b5 18.g5 Rac8 19.h4 Qb6 20.b3 b4 21.axb4 Nxb4 22.Ba3 c5
23.dxc5 Nxc5 24.Nxc5 Bxc5 25.c3 Nd5 26.Bxc5 Qxc5 27.c4 Nb4 28.Rxd8+ Rxd8
29.Rd1 Rxd1+ 30.Qxd1 Qc7 31.Qd4 e5 32.Qe3 g6 33.Be4 Qd7 34.c5 Qg4+ 35.Bg2 Nc2
36.Qxe5 Nd4 37.Qe8+ Kg7 38.Qe5+ Kg8 39.Qe4 Ne2+ 40.Kf1 Nf4 41.Bf3 Qh3+ 42.Ke1 Qh2
43.Qe3 Qxh4 44.Qe8+ Kg7 45.Qe5+ Kg8 46.Qb8+ Kg7 47.Qe5+ Kg8 48.Qe8+ Kg7 49.Qe5+ Kg8  1/2-1/2

[Event "Mayors Cup Open"]
[Site "Mumbai IND"]
[Date "2008.05.18"]
[Round "10"]
[White "Vishnu,P"]
[Black "Akshat,Kh"]
[Result "1-0"]
[WhiteElo "2353"]
[BlackElo "2287"]

1.e4 d5 2.exd5 Qxd5 3.Nc3 Qd6 4.d4 Nf6 5.Nf3 c6 6.h3 Bf5 7.Be3 h6 8.Qd2 e6
9.Ne5 Qd8 10.g4 Bh7 11.Bd3 Bxd3 12.Qxd3 Nbd7 13.f4 Bb4 14.O-O-O Qa5 15.Nc4 Qc7
16.f5 O-O-O 17.fxe6 Nc5 18.Qf1 Nxe6 19.Ne2 Rhe8 20.a3 Bf8 21.Bg1 Bd6 22.Nxd6+ Qxd6
23.Bh2 Qd7 24.Nc3 Nc7 25.Qf3 Re7 26.Qf2 b6 27.Be5 Nfe8 28.Rhe1 f6 29.Bh2 Rxe1
30.Qxe1 Nd6 31.d5 c5 32.Kb1 Kb7 33.Qf2 Re8 34.Qf3 a6 35.a4 a5 36.Qf4 Re5
37.Qf3 Re8 38.Bxd6 Qxd6 39.Ne4 Qe5 40.Ng3 Ka7 41.d6 Na6 42.Nf5 Rd8  1-0

[Event "TCh-UKR"]
[Site "Alushta UKR"]
[Date "2008.05.23"]
[Round "3"]
[White "Stoockalov,V"]
[Black "Ivanov,Ol UKR"]
[Result "0-1"]
[WhiteElo "2295"]
[BlackElo "2475"]

1.e4 d5 2.exd5 Qxd5 3.Nc3 Qd6 4.g3 Nf6 5.Bg2 c6 6.h3 Bf5 7.Nge2 h6 8.O-O e6
9.d3 Be7 10.Re1 O-O 11.g4 Bh7 12.Ng3 Nbd7 13.Qe2 Qc7 14.a4 Rfe8 15.Bd2 Nf8
16.h4 Nd5 17.h5 Nf4 18.Qf3 Bg5 19.Rad1 e5 20.Nce4 N8e6 21.Be3 Rad8 22.Bf1 Nd4
23.Bxd4 Rxd4 24.b3 Rdd8 25.Nxg5 hxg5 26.Ne4 f6 27.Bg2 Bxe4 28.Rxe4 Re6 29.Ree1 Red6
30.Qg3 g6 31.hxg6 Kg7 32.Qe3 Qc8 33.f3 c5 34.Kf2 Nxg6 35.Rh1 Nh4 36.Rdg1 Rd4
37.Bf1 Qc6 38.Be2 Rh8 39.Kg3 b6 40.Rh2 Qd6 41.Rgh1 e4+ 42.Kf2 Nf5 43.gxf5 Rxh2+
44.Rxh2 Qxh2+ 45.Ke1 Qf4 46.Qxf4 gxf4 47.dxe4 Kh6 48.Bd3 Kg5 49.Ke2 Rd7 50.Kf2 Rh7
51.Kg2 Kh6 52.Kh3 Rg7 53.Kh4 Rg3 54.Be2 Kg7 55.Bc4 Rxf3 56.Kg4 Rf2  0-1

[Event "XXVII Open"]
[Site "Zalakarosi HUN"]
[Date "2008.05.24"]
[Round "3"]
[White "Szabo,Krisz1"]
[Black "Kernazhitsky,L"]
[Result "1-0"]
[WhiteElo "2507"]
[BlackElo "2338"]

1.e4 d5 2.exd5 Qxd5 3.Nc3 Qd6 4.d4 Nf6 5.Nf3 c6 6.Ne5 Nbd7 7.Bf4 Nd5 8.Nxd5 Qxd5
9.Be2 Nxe5 10.Bxe5 Qxg2 11.Bf3 Qg6 12.Qe2 h5 13.h3 f6 14.Bh2 Qf7 15.d5 Bd7
16.O-O-O g6 17.Kb1 Bh6 18.Rhg1 Kf8 19.dxc6 Bxc6 20.Bxc6 bxc6 21.Rd7 Re8 22.Rxa7 Qd5
23.Rd1 Qg2 24.Rxe7 Rxe7 25.Bd6 Rh7 26.Re1 Rf7 27.Bxe7+ Kg7 28.Bc5 Qxh3 29.a4 Qf5
30.b4 Bf4 31.a5 Be5 32.a6 h4 33.Qe4 Qc8 34.Rg1 g5 35.f4 Bxf4 36.Qxf4 Qxa6
37.Qxh4 Rb7 38.Qd4 Kf7 39.Rh1 Qa8 40.Qe4 Kg8 41.Qg6+  1-0

[Event "XXVII Open"]
[Site "Zalakarosi HUN"]
[Date "2008.05.25"]
[Round "4"]
[White "Szentmihalyi,D"]
[Black "Kreindl,H"]
[Result "0-1"]
[WhiteElo "1956"]
[BlackElo "2182"]

1.e4 d5 2.exd5 Qxd5 3.Nc3 Qd6 4.d4 Nf6 5.Nf3 a6 6.Be2 Nc6 7.O-O Bg4 8.Be3 O-O-O
9.Ng5 Be6 10.Nxe6 fxe6 11.Qd2 Nxd4 12.Bxd4 Qxd4 13.Qxd4 Rxd4 14.Rad1 Rd6
15.Bc4 b5 16.Rxd6 cxd6 17.Bxe6+ Kc7 18.Re1 g5 19.Nd5+ Nxd5 20.Bxd5 e5 21.Re3 Be7
22.Rc3+ Kd7 23.h3 b4 24.Rc6 Rc8 25.Rxa6 Rxc2 26.Ra7+ Ke8 27.b3 Rd2 28.Ra5 h5
29.Rb5 Rd1+ 30.Kh2 Rd4 31.Be6 h4 32.Rb8+ Bd8 33.Rb7 Rd2 34.Rxb4 Rxa2 35.f3 Ra1
36.Rb5 Bf6 37.Rb8+ Ke7 38.Bf5 e4 39.Rb7+ Kd8 40.f4 e3 41.Rd7+ Ke8 42.Rxd6 Be7
43.Re6 gxf4 44.Bg4 Kd8 45.Re4 Bc5 46.Be2 f3 47.gxf3 Ra2 48.Rxh4 Rxe2+ 49.Kg3 Rb2
50.Re4 e2 51.h4 e1=Q+  0-1

[Event "17th Open"]
[Site "Chicago USA"]
[Date "2008.05.26"]
[Round "6"]
[White "Hernandez Guerrero,G"]
[Black "Stopa,Ja"]
[Result "1/2-1/2"]
[WhiteElo "2554"]
[BlackElo "2430"]

1.e4 d5 2.exd5 Qxd5 3.Nc3 Qd6 4.d4 Nf6 5.Nf3 c6 6.g3 Bf5 7.Bg2 e6 8.O-O Nbd7
9.Nh4 Bg4 10.f3 Bh5 11.g4 Bg6 12.f4 O-O-O 13.f5 exf5 14.Nxf5 Qe6 15.Qf3 Bxf5
16.Qxf5 Qxf5 17.Rxf5 h6 18.g5 hxg5 19.Bxg5 Re8 20.a3 Bd6 21.h3 Rh5 22.Raf1 Bc7
23.Bxf6 Rxf5 24.Rxf5 Nxf6 25.Kf2 Re7  1/2-1/2

[Event "TCh-UKR"]
[Site "Alushta UKR"]
[Date "2008.05.28"]
[Round "9"]
[White "Aveskulov,V"]
[Black "Nosenko,A"]
[Result "1-0"]
[WhiteElo "2535"]
[BlackElo "2496"]

1.e4 d5 2.exd5 Qxd5 3.Nc3 Qd6 4.d4 c6 5.Bg5 Nf6 6.Qd2 Bf5 7.Nf3 e6 8.Nh4 Bg6
9.Nxg6 hxg6 10.g3 Qc7 11.Bg2 Nbd7 12.Ne2 Be7 13.h4 Nb6 14.Qd3 O-O-O 15.O-O e5
16.a4 Nbd5 17.a5 a6 18.Rfd1 Kb8 19.c4 Nb4 20.Qb3 exd4 21.Bf4 Bd6 22.Bxd6 Qxd6
23.Nxd4 Qc5 24.Ra4 Rxd4 25.Rxd4 Qxd4 26.Rxb4 Qd7 27.Rb6 Rc8 28.Bh3 Qe7 29.Bxc8 Kxc8
30.Qb4 c5 31.Qd2 Nd7 32.Rb3 Ne5 33.Re3 Qf6 34.Qc3 Nc6 35.Qxf6 gxf6 36.g4 Ne5
37.Rxe5 fxe5 38.h5  1-0

[Event "TCh-FRA Top 16 Poule Basse"]
[Site "Evry FRA"]
[Date "2008.05.29"]
[Round "8"]
[White "Kozakov,M"]
[Black "Magem Badals,J"]
[Result "1/2-1/2"]
[WhiteElo "2449"]
[BlackElo "2470"]

1.e4 d5 2.exd5 Qxd5 3.Nc3 Qd6 4.d4 Nf6 5.Nf3 a6 6.Be2 Nc6 7.a3 Bf5 8.d5 Ne5
9.O-O Nxf3+ 10.Bxf3 h6 11.Ne2 g5 12.Ng3 Bg6 13.c4 Bg7 14.Bd2 O-O 15.Rc1 Rfe8
16.Re1 Rad8 17.Bc3 Qd7 18.h3 b6 19.Be5 e6 20.Qd4 c5 21.Qd2 exd5 22.cxd5 Ne4
23.Bxe4 Rxe5 24.Bxg6 Rxd5 25.Qc2 fxg6 26.Qxg6 Rd6 27.Qe4 Bxb2 28.Rb1 Bd4
29.Nf5 Rf6 30.g4 Kh8 31.Rbd1 Qd5 32.Qxd5 Rxd5  1/2-1/2

[Event "TCh-ISR"]
[Site "Israel ISR"]
[Date "2008.05.30"]
[Round "11"]
[White "Livshits,G"]
[Black "Kudischewitsch,D"]
[Result "1-0"]
[WhiteElo "2414"]
[BlackElo "2330"]

1.e4 d5 2.exd5 Qxd5 3.Nc3 Qd6 4.d4 Nf6 5.Nf3 a6 6.Bd3 Nbd7 7.O-O c5 8.Re1 cxd4
9.Ne4 Qb6 10.a4 e6 11.a5 Qc7 12.Nxd4 Be7 13.Qf3 O-O 14.Bf4 Qd8 15.Nb3 Nd5
16.Bg3 Nb4 17.Rad1 Nxd3 18.Rxd3 e5 19.Nd6 Bxd6 20.Rxd6 Qc7 21.Qd3 Re8 22.h3 f6
23.f4 Kh8 24.fxe5 Nxe5 25.Bxe5 fxe5 26.Rxe5 Bd7 27.Rh5 Re1+ 28.Kf2 Re2+ 29.Kxe2 Bb5
30.Rxb5 axb5 31.Kd1  1-0

[Event "XXX Nezhmetdinov Mem"]
[Site "Kazan RUS"]
[Date "2008.06.01"]
[Round "1"]
[White "Sadykov,Ra"]
[Black "Ponkratov,P"]
[Result "0-1"]
[WhiteElo "2161"]
[BlackElo "2499"]

1.e4 d5 2.exd5 Qxd5 3.Nc3 Qd6 4.d4 Nf6 5.Nf3 c6 6.Be2 Bf5 7.O-O Nbd7 8.Re1 e6
9.Be3 Qc7 10.Qd2 Bd6 11.h3 O-O 12.Nh4 Bg6 13.Nxg6 hxg6 14.Bf3 Rad8 15.Rad1 a6
16.Bg5 e5 17.d5 c5 18.Qe2 Rde8 19.Bxf6 gxf6 20.a4 f5 21.g3 e4 22.Bg2 Nf6
23.Qc4 Nh5 24.Ne2 Qd8 25.Qb3 Re7 26.c4 Rfe8 27.Qc2 Rd7 28.Rf1 Qf6 29.f4 exf3
30.Rxf3 Rde7 31.Rd2 Qg5 32.h4 Qg4 33.Kf2 Nf6 34.Rb3 f4  0-1

[Event "Doroshkevich mem"]
[Site "Maykop RUS"]
[Date "2008.06.01"]
[Round "9"]
[White "Gladkiy,D"]
[Black "Petrova,O"]
[Result "1-0"]
[WhiteElo "2349"]
[BlackElo "2110"]

1.e4 d5 2.exd5 Qxd5 3.Nc3 Qd6 4.d4 Nf6 5.Nf3 Bg4 6.g3 c6 7.Bg2 e6 8.O-O Qc7
9.h3 Bxf3 10.Qxf3 Nbd7 11.Re1 Be7 12.Ne2 O-O 13.Nf4 Nd5 14.Nd3 b5 15.c3 Rac8
16.Qe2 Bd6 17.Bd2 N5b6 18.Rad1 Rfd8 19.Bg5 Re8 20.Qg4 Kh8 21.Qh5 Kg8 22.Re4 Nd5
23.Re2 Be7 24.h4 N5f6 25.Qf3 Red8 26.Rde1 c5 27.dxc5 Nxc5 28.Ne5 h6 29.Bf4 Nd5
30.Bxh6 f6 31.Bxg7 Kxg7 32.Qg4+ Kf8 33.Ng6+ Kf7 34.Bxd5 Rxd5 35.Nf4 Re5 36.Qg6+ Kf8
37.Rxe5 fxe5 38.Nxe6+ Nxe6 39.Qxe6 Rd8 40.Rxe5 Rd1+ 41.Kh2 Rd6 42.Rf5+ Ke8
43.Qe5 a6 44.Qe4 Qc4 45.Qa8+ Kd7 46.Re5 Bf6 47.Qe8+ Kc7 48.Re4 Qc5 49.Qf7+ Kb6
50.Rf4 Qe5 51.a4 Be7 52.axb5 axb5 53.Rf5 Rf6 54.Qxf6+ Qxf6 55.Rxf6+ Bxf6
56.h5 Kc6 57.f4 Kd6 58.g4 Ke6 59.Kg3 Be7 60.Kf3 Kf6 61.b3 Bd6 62.c4 bxc4
63.bxc4 Bc7 64.Ke4 Bd6 65.g5+ Kg7 66.f5 Bg3 67.c5  1-0

[Event "FSIM June"]
[Site "Budapest HUN"]
[Date "2008.06.14"]
[Round "8"]
[White "Rabeyrin,J"]
[Black "Galyas,M"]
[Result "1/2-1/2"]
[WhiteElo "2303"]
[BlackElo "2455"]

1.e4 d5 2.exd5 Qxd5 3.Nc3 Qd6 4.d4 Nf6 5.Bd3 Bg4 6.f3 Bh5 7.Nge2 Nc6 8.Bf4 Qd7
9.Nb5 Rc8 10.Qd2 e6 11.O-O-O Nb4 12.Nbc3 Be7 13.h4 a6 14.g4 Bg6 15.Bxg6 hxg6
16.Kb1 Qc6  1/2-1/2

[Event "4th Open"]
[Site "Lodi ITA"]
[Date "2008.06.14"]
[Round "2"]
[White "Pomaro,A"]
[Black "Lazic,Mir"]
[Result "1/2-1/2"]
[WhiteElo "2209"]
[BlackElo "2539"]

1.e4 d5 2.exd5 Qxd5 3.Nc3 Qd8 4.d4 Nf6 5.Bc4 c6 6.Nf3 Nbd7 7.O-O Nb6 8.Bb3 Bf5
9.Ne5 e6 10.g4 Bg6 11.h4 Be4 12.g5 Rg8 13.Nxe4 Nxe4 14.Qd3 Nf6 15.Kh1 Nbd7
16.Nxf7 Qe7 17.Re1 Nd5 18.Nd6+ Qxd6 19.Qxh7 O-O-O 20.Qxg8 e5 21.Qf7 Be7 22.dxe5 Qb4
23.Bf4 Rf8 24.c3 Rxf7 25.cxb4 Rxf4 26.b5 Rxh4+ 27.Kg2 Rg4+ 28.Kf1 Bxg5 29.bxc6 bxc6
30.e6 N7b6 31.e7 Bxe7 32.Rxe7 Rh4 33.Rxg7 Nf4 34.Re1 Kd8 35.Rg1 Nd7 36.Bd1 Nc5
37.Bc2 Kc7 38.Be4 Nh3 39.Rg7+ Kb6 40.Bg2 Nf4 41.Rc1 Nfd3 42.Rc2 Nb4 43.Re2 Nxa2
44.Rg6 Nb4 45.Bf3 a5 46.Kg2 Rd4 47.Rg4 Rd6 48.Kg3 Nb3 49.Be4 Nd4 50.Re3 Na6
51.Rg6 Rd8 52.f4 Re8 53.Kf2 Rf8 54.Rg4 Nc5 55.Bb1 Na4 56.f5 c5 57.Rg6+ Kb5
58.Bd3+ c4 59.Re5+ Kb4 60.Be4 Nxb2 61.Rb6+ Kc3 62.Rxa5 Nd3+ 63.Kg3 Nb3 64.Rd5 Nbc5
65.Bxd3 Nxd3 66.f6 Kd2 67.Rbd6 Ke3 68.Kg4 Ke4 69.Kg5 Rg8+ 70.Kh5 Nf4+ 71.Kh6 Nxd5
72.f7 Rf8 73.Kg7 Rxf7+ 74.Kxf7 c3 75.Rc6 Kd4 76.Rxc3  1/2-1/2

[Event "4th Open"]
[Site "Lodi ITA"]
[Date "2008.06.14"]
[Round "2"]
[White "Sciortino,Mas"]
[Black "Tiviakov,S"]
[Result "0-1"]
[WhiteElo "2217"]
[BlackElo "2635"]

1.e4 d5 2.exd5 Qxd5 3.Nc3 Qd6 4.d4 Nf6 5.Bc4 a6 6.a4 Qc6 7.Be2 Qxg2 8.Bf3 Qg6
9.Nge2 Qf5 10.Ng3 Qd7 11.Bg5 Nc6 12.d5 Ne5 13.Be2 h6 14.Be3 e6 15.Qd4 Ng6
16.dxe6 fxe6 17.Bd3 Kf7 18.O-O-O Qxd4 19.Bxd4 Nf4 20.Bc4 c6 21.Bxf6 gxf6
22.Rd8 Nd5 23.Nce4 Ke7 24.Nd6 Kxd8 25.Nf7+ Ke7 26.Nxh8 Bg7 27.Ng6+ Kf7 28.Nh4 Bd7
29.Rg1 Rg8 30.Ne4 f5 31.Ng3 Bf6 32.Nf3 e5 33.Rd1 Be6 34.Re1 e4 35.Nd2 Bg5
36.Be2 Rd8 37.Bh5+ Kf6 38.Nf1 Nf4 39.Bd1 Ng2 40.Re2 Bc4 41.Re3 Bxf1 42.Nxf1 Bxe3+
43.Nxe3 Nxe3 44.fxe3 f4 45.Be2 fxe3 46.Bg4 Ke5  0-1

[Event "4th Open"]
[Site "Lodi ITA"]
[Date "2008.06.15"]
[Round "4"]
[White "Leon Hoyos,M"]
[Black "Tiviakov,S"]
[Result "1/2-1/2"]
[WhiteElo "2490"]
[BlackElo "2635"]

1.e4 d5 2.exd5 Qxd5 3.Nc3 Qd6 4.d4 Nf6 5.Nb5 Qd8 6.c4 c6 7.Nc3 Bf5 8.Nf3 e6
9.Be2 h6 10.O-O Be7 11.Bd3 Bxd3 12.Qxd3 Nbd7 13.Bf4 O-O 14.Rfe1 Re8 15.Ne4 Nxe4
16.Qxe4 Qb6 17.Qe2 c5 18.Be3 Bf6 19.Red1 Rac8 20.Rac1 a6 21.b3  1/2-1/2

[Event "8th TCh-Euro U18 Girls"]
[Site "Szeged HUN"]
[Date "2008.06.15"]
[Round "2"]
[White "Papp,P"]
[Black "Chirita,A"]
[Result "1-0"]
[WhiteElo "2067"]
[BlackElo "2106"]

1.e4 d5 2.exd5 Qxd5 3.Nc3 Qd8 4.d4 Nf6 5.Bc4 a6 6.Bg5 Nc6 7.Nge2 Bf5 8.O-O h6
9.Bxf6 gxf6 10.Ng3 Bg6 11.Nce2 Qd6 12.Bd3 O-O-O 13.Bxg6 fxg6 14.c3 f5 15.Qc2 h5
16.Rfd1 h4 17.Nf1 h3 18.g3 Bh6 19.c4 Qf6 20.Qc3 Bg7 21.d5 Qxc3 22.Nxc3 Ne5
23.Ne3 Bh6 24.f4 Nf3+ 25.Kh1 Rdf8 26.Nc2 g5 27.Rd3 g4 28.Ne1 Nxe1 29.Rxe1 Kd7
30.Rde3 Rf7 31.Nd1 Bg7 32.b3 Rh6 33.Re6 Rh8 34.Ne3 Rhf8 35.Nxf5 Bc3 36.R1e3 Bd2
37.Rxe7+ Rxe7 38.Rxe7+ Kd8 39.Re2 Bxf4 40.Ng7  1-0

[Event "4th IRT Soc. Italiana"]
[Site "Merlo ARG"]
[Date "2008.06.18"]
[Round "2"]
[White "Tomeo,I"]
[Black "Menon,D"]
[Result "1-0"]
[WhiteElo "2076"]
[BlackElo "2174"]

1.e4 d5 2.exd5 Qxd5 3.Nc3 Qd6 4.d4 Nf6 5.Nf3 a6 6.Bd3 Nc6 7.Ne4 Nxe4 8.Bxe4 Bg4
9.c3 e6 10.Qb3 Bxf3 11.Bxf3 Rb8 12.O-O Qd7 13.Bf4 Bd6 14.Bxd6 cxd6 15.Bxc6 Qxc6
16.d5 Qxd5 17.Qxd5 exd5 18.Rfd1 Kd7 19.Rxd5 Kc6 20.Rad1 Rbd8 21.c4 Rhe8 22.Kf1 b6
23.f3 Re6 24.Kf2 Rh6 25.b4 Rxh2 26.b5+ axb5 27.cxb5+ Kc7 28.Rc1+ Kb7 29.Rg5 g6
30.Kg3 f6 31.Rd5 Rh5 32.Rxh5 gxh5 33.Re1 Rg8+ 34.Kf2 Ra8 35.Re7+ Kc8 36.Re8+ Kb7
37.Rxa8 Kxa8 38.Ke3 Kb7 39.Kd4 Kc7 40.Kd5 Kd7 41.g3 f5 42.f4 Ke7 43.Kc6 Ke6
44.Kxb6  1-0

[Event "Serbia Cup"]
[Site "Zlatibor SRB"]
[Date "2008.06.19"]
[Round "4"]
[White "Adzic,M"]
[Black "Petric,M"]
[Result "1-0"]
[WhiteElo "2244"]
[BlackElo "2112"]

1.e4 d5 2.exd5 Qxd5 3.Nc3 Qd6 4.d4 Nf6 5.Nf3 a6 6.Be2 Nc6 7.O-O Bg4 8.h3 Bh5
9.Na4 O-O-O 10.c3 Bxf3 11.Bxf3 e5 12.Qb3 exd4 13.cxd4 b5 14.Bxc6 Qxc6 15.Nc3 Nd5
16.Re1 Bb4  1-0

[Event "8th TCh-Euro U18 Girls"]
[Site "Szeged HUN"]
[Date "2008.06.20"]
[Round "6"]
[White "Kulon,K"]
[Black "Chirita,A"]
[Result "1-0"]
[WhiteElo "2194"]
[BlackElo "2106"]

1.e4 d5 2.exd5 Qxd5 3.Nc3 Qd8 4.d4 Nf6 5.Be2 c6 6.h3 e6 7.Nf3 Be7 8.O-O O-O
9.Bf4 Nbd7 10.Qd2 b5 11.a4 b4 12.Na2 a5 13.c4 c5 14.d5 exd5 15.cxd5 Ne4 16.Qc2 Ndf6
17.Rad1 Qb6 18.Nc1 Bb7 19.Ne5 Nd6 20.Bf3 Rfe8 21.g4 h6 22.h4 Bc8 23.Nb3 Ba6
24.Rfe1 c4 25.Nd4 Rac8 26.g5 hxg5 27.hxg5 Nh7 28.g6 Ng5 29.Bg4 b3 30.Qb1 c3
31.bxc3 Rxc3 32.Nec6 Nf3+ 33.Bxf3 Nc8 34.gxf7+  1-0

[Event "Open"]
[Site "Teplice CZE"]
[Date "2008.06.20"]
[Round "7"]
[White "Hricko,M"]
[Black "Krejci,Jan1"]
[Result "0-1"]
[WhiteElo "1927"]
[BlackElo "2096"]

1.e4 d5 2.exd5 Qxd5 3.Nc3 Qd6 4.d3 e5 5.Nf3 Bg4 6.g3 Nc6 7.Bg2 O-O-O 8.O-O f5
9.Qe1 Be7 10.Be3 Kb8 11.Nb5 Qe6 12.Nxe5 Qxe5 13.Bxc6 Bc5 14.d4 Qf6 15.dxc5 Qxc6
16.Nd4 Qf6 17.Qb4 f4 18.c6 b6 19.f3 Bh3 20.Bf2 Bxf1 21.Rxf1 fxg3 22.hxg3 Ne7
23.Qa4 Rd5 24.Re1 Ra5 25.Qc4 Rc5 26.Qa6 Nxc6 27.Re6 Nb4 28.Qa4 Qf7 29.Qxb4 Rxc2
30.Rc6 Rxc6 31.Nxc6+ Ka8 32.Qe4 Qe8 33.Qd5 Kb7 34.Nd8+ Kc8 35.Ne6 Rg8 36.Bd4 g5
37.Be5 c6 38.Qd6 Kb7 39.Qc7+ Ka6 40.Nd4 Rg6 41.Qb8 Qd7 42.Qc7 Qd5 43.Qc8+ Ka5
44.Nb3+ Kb5 45.a4+ Kxa4 46.Qa6+ Kxb3 47.Qa3+ Kc2 48.Qc3+ Kb1 49.Qe1+ Ka2
50.b4 Qd3 51.Qa1+ Kb3 52.Qb2+ Kc4 53.Qa2+ Kb5  0-1

[Event "Serbia Cup"]
[Site "Zlatibor SRB"]
[Date "2008.06.20"]
[Round "5"]
[White "Nedeljkovic,Dr"]
[Black "Petric,M"]
[Result "0-1"]
[WhiteElo "2145"]
[BlackElo "2112"]

1.e4 d5 2.exd5 Qxd5 3.Nc3 Qd6 4.d4 Nf6 5.Nf3 Nc6 6.h3 a6 7.Bc4 Bf5 8.O-O e6
9.a3 Be7 10.Be3 O-O 11.Bd3 Bg6 12.Bxg6 hxg6 13.Qd2 Rad8 14.Rfd1 e5 15.d5 Nb8
16.Ng5 Rfe8 17.Qe2 Qd7 18.Qc4 Bd6 19.Qh4 Qe7 20.Nce4 Nbd7 21.c4 a5 22.Rac1 b6
23.a4 Nf8 24.Nxd6 Rxd6 25.Re1 N6h7 26.Qg3 Nxg5 27.Bxg5 f6 28.Be3 f5 29.Bf4 Nd7
30.Re2 c6 31.Bxe5 cxd5 32.Bxd6 Qxe2 33.cxd5 Qxb2 34.Rc7 Nf6 35.Qxg6 Re1+
36.Kh2 Ne8 37.Qf7+ Kh7 38.Rc4 Qxf2 39.Qh5+  0-1

[Event "International Open"]
[Site "Philadelphia USA"]
[Date "2008.06.26"]
[Round "1"]
[White "Swathi,G"]
[Black "MacKinnon,K"]
[Result "1-0"]
[WhiteElo "2350"]
[BlackElo "2029"]

1.e4 d5 2.exd5 Qxd5 3.Nc3 Qd6 4.d4 Nf6 5.Bg5 a6 6.Qd2 Nc6 7.O-O-O Bf5 8.Bf4 Qd7
9.Bd3 O-O-O 10.Nge2 Bxd3 11.Qxd3 e6 12.Qh3 Nb4 13.Kb1 Qc6 14.a3 Nbd5 15.Be5 Be7
16.Nxd5 Rxd5 17.Nf4 Rd7 18.Rd3 Rhd8 19.Rc3 Qb5 20.Qf3 g5 21.Bxf6 g4 22.Qxg4 Bxf6
23.Rb3 Qc6 24.d5 exd5 25.Rd1 Be5 26.Nxd5 Qe6 27.Qb4 b5 28.c4 Qg4 29.Rbd3 Qg6
30.Ka1 Qe6 31.cxb5 Rxd5 32.bxa6 Rxd3 33.Qb7+ Kd7 34.Rxd3+ Bd6 35.a7 Qc4 36.Rc3 Qa4
37.Qd5 Ke8 38.Qg5 Qxa7 39.Re3+ Kd7 40.Qf5+ Kc6 41.Qe4+ Kd7 42.Qg4+ Kc6 43.Qf3+  1-0